[Event "Madrid ch Veteranos 2012-2013"]
[Site "Madrid ESP"]
[Date "2012.11.08"]
[Round "4.17"]
[White "Castro Uceda, Jose Antonio"]
[Black "Ortega Morales, Pedro"]
[Result "1-0"]
[WhiteElo "1647"]
[BlackElo "1862"]
[PlyCount "81"]
[EventDate "2012.11.05"]
[EventType "swiss"]
[EventRounds "9"]
[EventCountry "ESP"]
[Source "lmi"]
[SourceDate "2012.11.05"]

1. d4 Nf6 2. c4 c5 3. d5 b5 4. e3 bxc4 5. Bxc4 g6 6. Nc3 Bg7 7. Nf3 O-O 8. O-O
d6 9. h3 Nbd7 10. e4 Nb6 11. Qe2 Bb7 12. Rb1 h6 13. Bf4 Kh7 14. Rfe1 a5 15. a4
Nxc4 16. Qxc4 Ba6 17. Nb5 Rb8 18. Re3 Nd7 19. Qe2 Nb6 20. b3 Qd7 21. Rd1 Nc8
22. e5 Bxb5 23. axb5 Qxb5 24. Qd2 Qb4 25. Qxb4 Rxb4 26. Bg3 Kg8 27. Nd2 Rd4 28.
exd6 exd6 29. Ree1 Rd3 30. Nc4 Rxb3 31. Nxd6 a4 32. Nxc8 Rxc8 33. d6 Rd8 34. d7
Bf6 35. Bc7 Rxd7 36. Rxd7 a3 37. Re8+ Kg7 38. Ra8 Bb2 39. Bd6 g5 40. Bxc5 Be5
41. g3 1-0

[Event "Madrid ch Veteranos 2012-2013"]
[Site "Madrid ESP"]
[Date "2012.11.08"]
[Round "4.18"]
[White "De Juan Rivas, Antonio"]
[Black "Perez Carballeira, Francisco"]
[Result "1/2-1/2"]
[WhiteElo "1857"]
[BlackElo "1608"]
[PlyCount "130"]
[EventDate "2012.11.05"]
[EventType "swiss"]
[EventRounds "9"]
[EventCountry "ESP"]
[Source "lmi"]
[SourceDate "2012.11.05"]

1. e4 c6 2. Nc3 d5 3. Qf3 dxe4 4. Nxe4 Nd7 5. Bc4 Ne5 6. Qb3 Nxc4 7. Qxc4 Qd5
8. Qe2 Bf5 9. d3 Bxe4 10. dxe4 Qe5 11. Nf3 Qa5+ 12. c3 e6 13. O-O Be7 14. Rd1
Rd8 15. Bf4 Nf6 16. Rxd8+ Qxd8 17. Rd1 Qc8 18. e5 Nd5 19. Bg5 Bxg5 20. Nxg5 O-O
21. Qe4 g6 22. Qh4 h5 23. c4 Ne7 24. g4 Rd8 25. Rd6 Kf8 26. Nh7+ Kg8 27. Nf6+
Kf8 28. gxh5 Nf5 29. Nh7+ Ke8 30. Rxd8+ Qxd8 31. Qxd8+ Kxd8 32. hxg6 fxg6 33.
Nf8 Nh4 34. Nxe6+ Ke7 35. Nc5 Nf3+ 36. Kg2 Nxe5 37. Nxb7 Nxc4 38. b3 Nd6 39.
Na5 c5 40. Kf3 Ke6 41. Nc4 Nb5 42. Nd2 Nc3 43. a4 Ke5 44. Kg4 Kf6 45. f3 Kf7
46. Ne4 Ne2 47. Nxc5 Nd4 48. h4 a5 49. Kf4 Nc6 50. Kg5 Nd4 51. f4 Kg7 52. Kg4
Kf7 53. h5 gxh5+ 54. Kxh5 Kf6 55. Kg4 Nc6 56. Nd3 Nd4 57. b4 axb4 58. Nxb4 Nb3
59. Nc6 Ke6 60. f5+ Kd6 61. f6 Nc5 62. Nd4 Nxa4 63. Kg5 Nb6 64. Kg6 Nd7 65. f7
Ne5+ 1/2-1/2

[Event "Madrid ch Veteranos 2012-2013"]
[Site "Madrid ESP"]
[Date "2012.11.08"]
[Round "4.19"]
[White "Martinez Martinez, Antonio"]
[Black "Beekhof Harmsen, Willen"]
[Result "1-0"]
[WhiteElo "1659"]
[BlackElo "1762"]
[PlyCount "97"]
[EventDate "2012.11.05"]
[EventType "swiss"]
[EventRounds "9"]
[EventCountry "ESP"]
[Source "lmi"]
[SourceDate "2012.11.05"]

1. e4 d6 2. Nf3 Bg4 3. Be2 g6 4. d4 Bg7 5. c3 Nf6 6. Nbd2 O-O 7. h3 Bxf3 8.
Bxf3 c6 9. a4 Re8 10. Qb3 Qb6 11. Qc2 Nbd7 12. Nc4 Qc7 13. Bf4 b5 14. axb5 cxb5
15. Na5 Rac8 16. O-O Qb6 17. e5 dxe5 18. dxe5 Nh5 19. Bxh5 gxh5 20. Qf5 Nf8 21.
Qxh5 Qg6 22. Qe2 Ne6 23. Bg3 b4 24. c4 Nd4 25. Qg4 Qxg4 26. hxg4 Ne2+ 27. Kh2
Nxg3 28. fxg3 Bxe5 29. Rfb1 Rcd8 30. Ra4 Rd3 31. Rxb4 Rxg3 32. Rb5 Bd6 33. Kh1
Rxg4 34. b4 Rb8 35. Rxb8+ Bxb8 36. c5 Rh4+ 37. Kg1 Be5 38. Kf2 f5 39. c6 Bd4+
40. Ke2 Bb6 41. Kd3 Rd4+ 42. Kc3 Rd5 43. Kc4 Rd8 44. Re1 Kf7 45. Nb7 Rd4+ 46.
Kc3 Kf6 47. Rh1 Kg6 48. Rh3 f4 49. Rh4 1-0

[Event "Madrid ch Veteranos 2012-2013"]
[Site "Madrid ESP"]
[Date "2012.11.08"]
[Round "4.20"]
[White "Perez Cristobal, Alberto"]
[Black "Veuthey Martinez, Eloy"]
[Result "1-0"]
[WhiteElo "1728"]
[BlackElo "1570"]
[PlyCount "81"]
[EventDate "2012.11.05"]
[EventType "swiss"]
[EventRounds "9"]
[EventCountry "ESP"]
[Source "lmi"]
[SourceDate "2012.11.05"]

1. e4 d6 2. d4 Nf6 3. Nc3 e5 4. dxe5 dxe5 5. Qxd8+ Kxd8 6. Bg5 Be6 7. Nf3 Bd6
8. Rd1 Nbd7 9. Nb5 Ke7 10. Nxd6 cxd6 11. b3 h6 12. Bxf6+ Nxf6 13. Nd2 d5 14.
exd5 Nxd5 15. c4 Nb4 16. Ne4 Rhd8 17. Rd2 Rxd2 18. Kxd2 Rd8+ 19. Kc3 Nxa2+ 20.
Kb2 Nb4 21. Kc3 Nc6 22. Be2 Nd4 23. Bd1 Rc8 24. f4 f6 25. fxe5 fxe5 26. Re1 a5
27. Nf2 Nc6 28. Ng4 Kd6 29. Bf3 Bxg4 30. Bxg4 Rf8 31. Bf3 Re8 32. Rd1+ Kc7 33.
Be4 Rf8 34. Bf3 Rf4 35. Re1 Kd6 36. Re3 g5 37. Rd3+ Rd4 38. Re3 Ke6 39. h3 Kf5
40. Bg4+ Kf4 41. Rf3+ 1-0

[Event "Madrid ch Veteranos 2012-2013"]
[Site "Madrid ESP"]
[Date "2012.11.08"]
[Round "4.21"]
[White "Alfageme Sanchez, Jesus"]
[Black "Greppi Gonzalez, Jose Luis"]
[Result "1-0"]
[WhiteElo "1720"]
[BlackElo "1553"]
[PlyCount "117"]
[EventDate "2012.11.05"]
[EventType "swiss"]
[EventRounds "9"]
[EventCountry "ESP"]
[Source "lmi"]
[SourceDate "2012.11.05"]

1. e4 e5 2. Nf3 d6 3. d4 Bg4 4. Be2 Bxf3 5. Bxf3 h6 6. O-O exd4 7. Qxd4 Nc6 8.
Qd3 Qf6 9. Nc3 Qd4 10. Qe2 Ne5 11. Be3 Nxf3+ 12. Qxf3 Qf6 13. Qe2 Ne7 14. Qb5+
c6 15. Qxb7 Rc8 16. Rad1 Qe6 17. Bf4 Ng6 18. Bxd6 Bxd6 19. Rxd6 Qxd6 20. Qxc8+
Ke7 21. Qb7+ Qd7 22. Qb4+ Qd6 23. Qa4 Ra8 24. Qa6 Qc7 25. Na4 Rb8 26. b3 Ne5
27. Nc5 Qb6 28. Qxb6 axb6 29. Na4 b5 30. Nc3 Ra8 31. f4 Nd7 32. a4 bxa4 33.
Nxa4 Ra5 34. e5 Rd5 35. g3 Rd2 36. Rf2 Rd1+ 37. Kg2 f5 38. exf6+ gxf6 39. Nc3
Rd4 40. Re2+ Kf7 41. Kf3 h5 42. Ne4 c5 43. Ke3 Rd1 44. Nc3 Ra1 45. Kd3 Nb6 46.
Ne4 Ra5 47. Nd6+ Kf8 48. Nc4 Nxc4 49. Kxc4 Kf7 50. h4 Kg6 51. Re8 Ra2 52. c3
Rc2 53. Re3 Kf5 54. Kxc5 Kg4 55. b4 Rd2 56. b5 Rd8 57. b6 Rc8+ 58. Kd6 Rd8+ 59.
Kc7 1-0

[Event "Madrid ch Veteranos 2012-2013"]
[Site "Madrid ESP"]
[Date "2012.11.08"]
[Round "4.22"]
[White "Rodriguez Lopez-Canizares, Fco"]
[Black "Rodriguez Gomez, Jose"]
[Result "1-0"]
[WhiteElo "1647"]
[BlackElo "1709"]
[PlyCount "93"]
[EventDate "2012.11.05"]
[EventType "swiss"]
[EventRounds "9"]
[EventCountry "ESP"]
[Source "lmi"]
[SourceDate "2012.11.05"]

1. e4 e5 2. Nf3 Nc6 3. d4 exd4 4. Bc4 Be7 5. c3 dxc3 6. Qb3 f6 7. Nxc3 Na5 8.
Qb4 Nxc4 9. Qxc4 c6 10. O-O d6 11. Bf4 Nh6 12. Rad1 Nf7 13. Rfe1 O-O 14. e5 d5
15. Qd4 Bg4 16. e6 Nd6 17. Bxd6 Bxf3 18. Bxe7 Qxe7 19. gxf3 Rfe8 20. Qg4 Qd6
21. Kh1 Re7 22. Rg1 g6 23. Rde1 f5 24. Qxf5 Rf8 25. Qg4 Rf6 26. Re2 Rfxe6 27.
Rxe6 Rxe6 28. f4 Kg7 29. h4 Rf6 30. f5 Qe5 31. fxg6 hxg6 32. h5 Qe8 33. Ne2 Kh6
34. Qg5+ Kg7 35. Nf4 Qe4+ 36. Ng2 Rxf2 37. Re1 Qf5 38. h6+ Kh7 39. Re7+ Kh8 40.
Qxf5 Rxf5 41. Ne3 Rh5+ 42. Kg2 Rxh6 43. Ng4 Rh7 44. Re8+ Kg7 45. Rb8 d4 46.
Rxb7+ Kg8 47. Nf6+ 1-0

[Event "Madrid ch Veteranos 2012-2013"]
[Site "Madrid ESP"]
[Date "2012.11.08"]
[Round "4.23"]
[White "Martinez Carrasco, Jesus"]
[Black "Sanchez Lucena, Juan"]
[Result "1/2-1/2"]
[WhiteElo "1590"]
[BlackElo "1411"]
[PlyCount "136"]
[EventDate "2012.11.05"]
[EventType "swiss"]
[EventRounds "9"]
[EventCountry "ESP"]
[Source "lmi"]
[SourceDate "2012.11.05"]

1. d4 d5 2. c4 Nf6 3. Nf3 e6 4. e3 c5 5. Nc3 cxd4 6. exd4 a6 7. Qc2 dxc4 8.
Bxc4 b5 9. Bd3 Bb7 10. Qe2 g6 11. O-O Bg7 12. a3 O-O 13. Bg5 Nbd7 14. Rfd1 Qc7
15. Rac1 Qb6 16. h3 Nd5 17. Nxd5 Bxd5 18. Bf4 Rac8 19. Ne5 Qb7 20. Nxd7 Qxd7
21. Be3 Qb7 22. f3 Rfe8 23. Rc5 Bf8 24. Rcc1 e5 25. Rxc8 Qxc8 26. dxe5 Rxe5 27.
Qd2 Rxe3 28. Rc1 Qxc1+ 29. Qxc1 Rxd3 30. Qc2 Rb3 31. Qd2 Bc4 32. Kh2 h5 33. Qa5
Bd6+ 34. Kh1 Rxb2 35. Qd8+ Bf8 36. Qf6 Ra2 37. Qxa6 Rxa3 38. Qc6 Kh7 39. g4
Ra1+ 40. Kg2 hxg4 41. hxg4 Bf1+ 42. Kf2 Bg7 43. Qd6 Bc4 44. Qh2+ Kg8 45. Qb8+
Bf8 46. f4 Rf1+ 47. Ke3 Re1+ 48. Kf2 Re2+ 49. Kf3 Rc2 50. f5 Be2+ 51. Kf4 Rc4+
52. Ke3 Bxg4 53. Qxb5 Bh6+ 54. Kd3 Rc1 55. fxg6 Rd1+ 56. Kc2 Rc1+ 57. Kb2 Be6
58. Qe8+ Kg7 59. gxf7 Bxf7 60. Qe5+ Kf8 61. Qh8+ Ke7 62. Qxh6 Rc4 63. Qe3+ Kf8
64. Qh6+ Ke7 65. Qg7 Ke8 66. Qe5+ Kf8 67. Qd6+ Kg7 68. Qe7 Kg8 1/2-1/2

[Event "Madrid ch Veteranos 2012-2013"]
[Site "Madrid ESP"]
[Date "2012.11.08"]
[Round "4.24"]
[White "Jaumandreu Llopis, Antonio"]
[Black "Maseda Iglesias, Luis"]
[Result "1/2-1/2"]
[WhiteElo "1553"]
[BlackElo "1741"]
[PlyCount "59"]
[EventDate "2012.11.05"]
[EventType "swiss"]
[EventRounds "9"]
[EventCountry "ESP"]
[Source "lmi"]
[SourceDate "2012.11.05"]

1. e4 c6 2. c4 d5 3. exd5 cxd5 4. cxd5 Nf6 5. Nc3 g6 6. Nf3 Bg7 7. Bc4 O-O 8.
O-O Nbd7 9. Bb3 Nb6 10. Re1 Re8 11. d4 Nbxd5 12. Bg5 Be6 13. Rc1 Rc8 14. Qd2
Rb8 15. Bh6 a6 16. Bxg7 Kxg7 17. Ng5 Bf5 18. Nxd5 Nxd5 19. Bxd5 Qxd5 20. Re5
Qxa2 21. Rce1 h6 22. Nf3 Be6 23. d5 Rbd8 24. Qc3 Rc8 25. Qd4 Rc4 26. Qe3 Bf5
27. Rxe7 Rxe7 28. Qxe7 Qxb2 29. Ne5 Rc1 30. Qxf7+ 1/2-1/2

[Event "Madrid ch Veteranos 2012-2013"]
[Site "Madrid ESP"]
[Date "2012.11.08"]
[Round "4.25"]
[White "Martin Rodriguez, Jose Luis"]
[Black "Pardinas Riano, Emilio"]
[Result "1-0"]
[WhiteElo "1398"]
[BlackElo "1728"]
[PlyCount "95"]
[EventDate "2012.11.05"]
[EventType "swiss"]
[EventRounds "9"]
[EventCountry "ESP"]
[Source "lmi"]
[SourceDate "2012.11.05"]

1. e4 c5 2. Nf3 Nc6 3. d4 cxd4 4. Nxd4 g6 5. Nc3 Bg7 6. Be3 a6 7. Nxc6 bxc6 8.
Qd2 Bb7 9. f3 d6 10. Bg5 Nf6 11. Bh6 O-O 12. Bxg7 Kxg7 13. Bc4 Qc7 14. O-O-O
Rad8 15. Bb3 d5 16. Qe1 e5 17. g4 d4 18. Ne2 c5 19. Bc4 Ra8 20. h4 h5 21. gxh5
Nxh5 22. Ng3 Nf4 23. Qg1 Rh8 24. Nf5+ Kf8 25. Ng3 Qe7 26. Qh2 Bc8 27. Ne2 Nxe2+
28. Bxe2 Bd7 29. f4 Bb5 30. Bxb5 axb5 31. a3 b4 32. axb4 Ra1+ 33. Kd2 Rxd1+ 34.
Kxd1 exf4 35. Qxf4 cxb4 36. e5 Rh5 37. Qxd4 Rxe5 38. b3 f6 39. Rg1 Re4 40. Qd3
Qf7 41. Qxe4 Qa7 42. Qxb4+ Kg7 43. Re1 Qd7+ 44. Kc1 Qc8 45. Qe7+ Kh6 46. Qe3+
Kh5 47. Qf3+ Kh6 48. Qxf6 1-0

[Event "Madrid ch Veteranos 2012-2013"]
[Site "Madrid ESP"]
[Date "2012.11.08"]
[Round "4.26"]
[White "Infante Martin, Alonso"]
[Black "Arias De Reina Martinez, Francisco"]
[Result "0-1"]
[WhiteElo "1510"]
[BlackElo "1623"]
[PlyCount "40"]
[EventDate "2012.11.05"]
[EventType "swiss"]
[EventRounds "9"]
[EventCountry "ESP"]
[Source "lmi"]
[SourceDate "2012.11.05"]

1. d4 Nf6 2. c4 g6 3. Nc3 d5 4. cxd5 Nxd5 5. e4 Nxc3 6. bxc3 Bg7 7. Be3 c5 8.
Rb1 O-O 9. Ne2 Nc6 10. g3 Qa5 11. Bg2 cxd4 12. Bc1 dxc3 13. O-O Qxa2 14. Qb3
Qxe2 15. Be3 Nd4 16. Rfe1 Qxe1+ 17. Rxe1 Nxb3 18. f4 Bd4 19. Kf2 Bxe3+ 20. Kxe3
c2 0-1

[Event "Madrid ch Veteranos 2012-2013"]
[Site "Madrid ESP"]
[Date "2012.11.08"]
[Round "4.27"]
[White "Salgado Duarte, Pablo"]
[Black "Moral Gonzalez, Vicente"]
[Result "1-0"]
[WhiteElo "1603"]
[BlackElo "1521"]
[PlyCount "67"]
[EventDate "2012.11.05"]
[EventType "swiss"]
[EventRounds "9"]
[EventCountry "ESP"]
[Source "lmi"]
[SourceDate "2012.11.05"]

1. d4 d5 2. c4 Nf6 3. Nc3 g6 4. Nf3 Bg7 5. Bf4 Nc6 6. Nb5 e5 7. Nxe5 O-O 8.
Nxc6 bxc6 9. Nxc7 Rb8 10. Nxd5 Rxb2 11. Nc3 Nh5 12. Bc1 Rb7 13. e3 c5 14. Ne2
cxd4 15. exd4 Re8 16. Be3 Rbe7 17. Qd2 Bg4 18. h3 Bxe2 19. Bxe2 Rd7 20. Rd1 Nf6
21. O-O Ne4 22. Qd3 f5 23. Bf3 g5 24. Bxe4 Rxe4 25. d5 Qe7 26. Rfe1 f4 27. Bd2
Rxe1+ 28. Rxe1 Qf6 29. Qe4 Qf7 30. Bb4 Bf8 31. Bxf8 Kxf8 32. Qe5 h6 33. Qh8+
Qg8 34. Re8+ 1-0

[Event "Madrid ch Veteranos 2012-2013"]
[Site "Madrid ESP"]
[Date "2012.11.12"]
[Round "5.1"]
[White "Cabanas Bravo, Juan Andres"]
[Black "Estrada Martinez, Cesar"]
[Result "1-0"]
[WhiteElo "2077"]
[BlackElo "2085"]
[PlyCount "49"]
[EventDate "2012.11.05"]
[EventType "swiss"]
[EventRounds "9"]
[EventCountry "ESP"]
[Source "lmi"]
[SourceDate "2012.11.05"]

1. e4 c6 2. Nc3 d5 3. d4 dxe4 4. Nxe4 Bf5 5. Ng3 Bg6 6. Bc4 Nf6 7. N1e2 e6 8.
O-O Bd6 9. f4 Qc7 10. f5 exf5 11. Nxf5 Bxh2+ 12. Kh1 O-O 13. g3 Bxf5 14. Rxf5
Bxg3 15. Rxf6 gxf6 16. Qg1 Kh8 17. Qxg3 Qxg3 18. Nxg3 Rg8 19. Kh2 Nd7 20. Bh6
Rg4 21. Nf5 Re8 22. Bxf7 Ree4 23. Kh3 Nb6 24. Bh5 Rg8 25. Nd6 1-0

[Event "Madrid ch Veteranos 2012-2013"]
[Site "Madrid ESP"]
[Date "2012.11.12"]
[Round "5.2"]
[White "Gonzalez Mateos, Rafael"]
[Black "Pastor Alonso De Prado, Albert"]
[Result "1-0"]
[WhiteElo "2128"]
[BlackElo "2143"]
[PlyCount "63"]
[EventDate "2012.11.05"]
[EventType "swiss"]
[EventRounds "9"]
[EventCountry "ESP"]
[Source "lmi"]
[SourceDate "2012.11.05"]

1. d4 d5 2. c3 Nc6 3. Bf4 Nf6 4. Nf3 Bg4 5. Nbd2 e6 6. Qb3 Rb8 7. e3 Bd6 8. Bb5
O-O 9. Qa4 Bxf4 10. exf4 Bxf3 11. Nxf3 Ne7 12. Bd3 Nc8 13. Qc2 Qd6 14. Ne5 c5
15. dxc5 Qxc5 16. g4 Rd8 17. O-O-O Nd6 18. Kb1 b5 19. f3 Nc4 20. g5 Nh5 21.
Bxh7+ Kf8 22. Nxf7 Rdc8 23. Ne5 Nxe5 24. fxe5 b4 25. cxb4 Qxb4 26. Qd2 Qh4 27.
Rc1 Nf4 28. Rxc8+ Rxc8 29. Qb4+ Ke8 30. Bc2 Rc4 31. Qb8+ Kd7 32. Ba4+ 1-0

[Event "Madrid ch Veteranos 2012-2013"]
[Site "Madrid ESP"]
[Date "2012.11.12"]
[Round "5.3"]
[White "Gil Sierra, Jacinto"]
[Black "Moragrega Herrero, Juan Jose"]
[Result "1-0"]
[WhiteElo "2053"]
[BlackElo "1922"]
[PlyCount "113"]
[EventDate "2012.11.05"]
[EventType "swiss"]
[EventRounds "9"]
[EventCountry "ESP"]
[Source "lmi"]
[SourceDate "2012.11.05"]

1. e4 e6 2. d4 d5 3. Nc3 Bb4 4. e5 c5 5. Qg4 g6 6. Nf3 Nc6 7. Bb5 Bd7 8. O-O
Bxc3 9. Bxc6 Bxc6 10. bxc3 Qa5 11. Bd2 Qa4 12. Qf4 Qxc2 13. dxc5 h6 14. Nd4 Qd3
15. Rfb1 g5 16. Qe3 Qxe3 17. Bxe3 Kd7 18. a4 Ne7 19. Nb5 Nc8 20. Rb4 a6 21. Nd4
Ne7 22. Rab1 Rab8 23. Rb6 Kc7 24. Nxc6 Nxc6 25. Bd4 Na5 26. c6 bxc6 27. Bc5 Rb7
28. Bd6+ Kc8 29. R1b4 Rd8 30. Rxa6 Rxb4 31. cxb4 Nc4 32. Rxc6+ Kb7 33. b5 Rd7
34. a5 Nxa5 35. Ra6 Nc4 36. f3 Nb6 37. Kf2 f5 38. Ke3 Rd8 39. Kd4 Ra8 40. Rxa8
Kxa8 41. g4 fxg4 42. fxg4 Nd7 43. Kc3 Kb7 44. Kb4 Kb6 45. h3 Kb7 46. Ka5 Nb6
47. Bf8 Nc4+ 48. Kb4 Nxe5 49. Bxh6 Nd3+ 50. Kc3 Nf4 51. h4 e5 52. Bxg5 Ne6 53.
Bf6 e4 54. h5 Kb6 55. h6 Nf8 56. Kb4 e3 57. Bd4+ 1-0

[Event "Madrid ch Veteranos 2012-2013"]
[Site "Madrid ESP"]
[Date "2012.11.12"]
[Round "5.4"]
[White "Fuentes Arjona, Antonio"]
[Black "Garcia Martin, Juan Manuel"]
[Result "1-0"]
[WhiteElo "2008"]
[BlackElo "1874"]
[PlyCount "119"]
[EventDate "2012.11.05"]
[EventType "swiss"]
[EventRounds "9"]
[EventCountry "ESP"]
[Source "lmi"]
[SourceDate "2012.11.05"]

1. e4 d5 2. exd5 Nf6 3. d4 Bg4 4. Bb5+ Nbd7 5. f3 a6 6. Bd3 Bh5 7. c4 Nb6 8.
Ne2 Bg6 9. Bxg6 hxg6 10. b3 Nh5 11. Nbc3 Qd7 12. Qd3 e6 13. dxe6 Qxe6 14. Qe4
Qxe4 15. fxe4 Bb4 16. O-O Nf6 17. a3 Bxc3 18. Nxc3 Rd8 19. e5 Ng4 20. h3 Nh6
21. d5 Nf5 22. Bg5 Rd7 23. Rad1 Rh5 24. Ne4 Rxg5 25. Nxg5 Ne3 26. Rde1 Nxf1 27.
Rxf1 Re7 28. e6 f6 29. Ne4 Nc8 30. c5 c6 31. Nd6+ Kd8 32. dxc6 bxc6 33. Nxc8
Kxc8 34. Re1 Kd8 35. Rd1+ Kc7 36. Rd6 g5 37. Kf2 g6 38. Ke3 Rh7 39. Kd3 a5 40.
Kc4 Rh4+ 41. Kd3 Rh7 42. Kc3 Rh4 43. Rd4 f5 44. b4 axb4+ 45. axb4 Rh8 46. Rd7+
Kc8 47. Rd6 Kc7 48. Kc4 Rh4+ 49. Rd4 Rh7 50. b5 cxb5+ 51. Kxb5 Re7 52. Rd6 g4
53. hxg4 fxg4 54. Rd7+ Rxd7 55. exd7 Kxd7 56. Kb6 Kc8 57. Kc6 g3 58. Kd6 Kd8
59. c6 g5 60. c7+ 1-0

[Event "Madrid ch Veteranos 2012-2013"]
[Site "Madrid ESP"]
[Date "2012.11.12"]
[Round "5.5"]
[White "Garcia Esteban, Ignacio"]
[Black "Martinez Rubio, Felipe"]
[Result "1-0"]
[WhiteElo "1941"]
[BlackElo "1815"]
[PlyCount "33"]
[EventDate "2012.11.05"]
[EventType "swiss"]
[EventRounds "9"]
[EventCountry "ESP"]
[Source "lmi"]
[SourceDate "2012.11.05"]

1. e4 e6 2. d4 d5 3. Nd2 dxe4 4. Nxe4 Nf6 5. Bd3 Be7 6. Nf3 Nbd7 7. c3 a6 8.
O-O h6 9. Re1 O-O 10. Nxf6+ Nxf6 11. Ne5 c5 12. Be3 Nd5 13. Bb1 Qc7 14. Qd3 Nf6
15. Bxh6 Re8 16. Bxg7 Kxg7 17. Qg3+ 1-0

[Event "Madrid ch Veteranos 2012-2013"]
[Site "Madrid ESP"]
[Date "2012.11.12"]
[Round "5.6"]
[White "Minguela Munoz, Bienvenido"]
[Black "Corredor Gonzalez, Angel L"]
[Result "1-0"]
[WhiteElo "1883"]
[BlackElo "1760"]
[PlyCount "45"]
[EventDate "2012.11.05"]
[EventType "swiss"]
[EventRounds "9"]
[EventCountry "ESP"]
[Source "lmi"]
[SourceDate "2012.11.05"]

1. d4 Nf6 2. c4 e6 3. Nf3 d5 4. Nc3 Bb4 5. e3 Ne4 6. Qb3 a5 7. Bd3 Nc6 8. cxd5
exd5 9. O-O Bxc3 10. bxc3 O-O 11. h3 a4 12. Qc2 f5 13. Ba3 Rf6 14. c4 Be6 15.
Ne5 Rh6 16. f4 Nxe5 17. dxe5 Rg6 18. Bxe4 fxe4 19. f5 Rg5 20. fxe6 Rxe5 21. Qf2
dxc4 22. Qf7+ Kh8 23. e7 1-0

[Event "Madrid ch Veteranos 2012-2013"]
[Site "Madrid ESP"]
[Date "2012.11.12"]
[Round "5.7"]
[White "Lopez Heras, Arturo"]
[Black "Fernandez Garcia, Ignacio"]
[Result "0-1"]
[WhiteElo "1952"]
[BlackElo "1794"]
[PlyCount "174"]
[EventDate "2012.11.05"]
[EventType "swiss"]
[EventRounds "9"]
[EventCountry "ESP"]
[Source "lmi"]
[SourceDate "2012.11.05"]

1. e4 d6 2. d4 g6 3. Nc3 Bg7 4. Be2 c6 5. Nf3 Nf6 6. O-O O-O 7. h3 Re8 8. Be3
Nbd7 9. e5 Nd5 10. Nxd5 cxd5 11. exd6 exd6 12. c3 Nf6 13. Re1 Bd7 14. Qb3 Bc6
15. Bf4 Ne4 16. Bd3 Nf6 17. Qa3 Ne4 18. Re2 Qf6 19. Be3 Bd7 20. Nd2 a6 21. Qb3
Bc6 22. Bxe4 dxe4 23. d5 Bb5 24. c4 Bd7 25. Qxb7 Qxb2 26. Qxb2 Bxb2 27. Rb1 Bg7
28. Bf4 Bf8 29. Rb6 f5 30. Bxd6 Bh6 31. Nb3 a5 32. Nc5 Bc8 33. Kf1 Bg7 34. Bf4
Bd4 35. Be3 Bxc5 36. Bxc5 Ba6 37. Rc2 Rec8 38. Rxa6 Rxa6 39. Be7 Kf7 40. d6 Ke6
41. Rd2 Kd7 42. Rb2 Ra7 43. Rc2 Ke6 44. Ke2 Rxe7 45. dxe7 Kxe7 46. Ke3 Kd6 47.
Kd4 Kc6 48. Ke5 Kc5 49. h4 Re8+ 50. Kf4 a4 51. g3 Rb8 52. Kg5 Rb6 53. Kh6 Rb7
54. h5 Rb6 55. Kg5 Re6 56. hxg6 hxg6 57. Kf4 e3 58. fxe3 Re4+ 59. Kf3 Rxc4 60.
Rh2 Kb4 61. Rd2 Ka3 62. Ke2 Rg4 63. Kf3 Rb4 64. Rd6 Rg4 65. Rd2 Kb4 66. Rc2 g5
67. Rc8 Rc4 68. Rf8 g4+ 69. Ke2 Rc5 70. Kd3 Ka3 71. Kd4 Ra5 72. e4 fxe4 73.
Kxe4 Rb5 74. Ra8 Rb4+ 75. Kf5 Kxa2 76. Rd8 a3 77. Rd2+ Kb1 78. Rd1+ Kc2 79. Re1
a2 80. Re2+ Kb1 81. Re1+ Kb2 82. Re2+ Ka3 83. Re3+ Ka4 84. Re1 Rb1 85. Re4+ Kb5
86. Re5+ Kc6 87. Ra5 Rb5+ 0-1

[Event "Madrid ch Veteranos 2012-2013"]
[Site "Madrid ESP"]
[Date "2012.11.12"]
[Round "5.8"]
[White "Martin-Consuegra Barrilero, Ja"]
[Black "Diaz Begonte, Manuel"]
[Result "1/2-1/2"]
[WhiteElo "1855"]
[BlackElo "1787"]
[PlyCount "71"]
[EventDate "2012.11.05"]
[EventType "swiss"]
[EventRounds "9"]
[EventCountry "ESP"]
[Source "lmi"]
[SourceDate "2012.11.05"]

1. d4 d5 2. Bf4 Nf6 3. e3 e6 4. Nd2 Bd6 5. Bg3 Nc6 6. Ngf3 Bd7 7. Ne5 Ne7 8.
Bd3 Ng6 9. f4 O-O 10. O-O Qe7 11. Qf3 Bc6 12. a3 Nd7 13. Rae1 f5 14. Nxc6 bxc6
15. c4 Qe8 16. c5 Be7 17. b4 Nf6 18. Nb3 Ne4 19. Bxe4 dxe4 20. Qe2 a6 21. Na5
Qd7 22. Qc2 Bf6 23. Rd1 Ne7 24. Rc1 Nd5 25. Rfe1 Nxe3 26. Rxe3 Bxd4 27. Bf2
Bxe3 28. Bxe3 Rfd8 29. Qa4 Qd3 30. Re1 Qc3 31. Kf2 Rd2+ 32. Bxd2 Qxd2+ 33. Kf1
e3 34. Re2 Qc1+ 35. Re1 Qd2 36. Re2 1/2-1/2

[Event "Madrid ch Veteranos 2012-2013"]
[Site "Madrid ESP"]
[Date "2012.11.12"]
[Round "5.10"]
[White "Rodriguez Bachiller, Luis"]
[Black "Lorite Cruz, Francisco"]
[Result "1-0"]
[WhiteElo "1756"]
[BlackElo "2046"]
[PlyCount "51"]
[EventDate "2012.11.05"]
[EventType "swiss"]
[EventRounds "9"]
[EventCountry "ESP"]
[Source "lmi"]
[SourceDate "2012.11.05"]

1. e4 c5 2. Nf3 d6 3. d4 cxd4 4. Qxd4 Nc6 5. Bb5 Bd7 6. Bxc6 bxc6 7. O-O Qc7 8.
c4 e5 9. Qe3 Ne7 10. b3 Ng6 11. Nc3 Be7 12. Bb2 O-O 13. Rad1 f5 14. exf5 Bxf5
15. Ne4 Rae8 16. Ba3 Bxe4 17. Qxe4 d5 18. cxd5 Bxa3 19. dxc6 Rd8 20. b4 a5 21.
bxa5 Be7 22. Rfe1 Rxd1 23. Rxd1 Rc8 24. g3 Qxc6 25. Qxc6 Rxc6 26. Rd5 1-0

[Event "Madrid ch Veteranos 2012-2013"]
[Site "Madrid ESP"]
[Date "2012.11.12"]
[Round "5.11"]
[White "Camarero Izquierdo, Juan C"]
[Black "Perez Cristobal, Alberto"]
[Result "0-1"]
[WhiteElo "1942"]
[BlackElo "1728"]
[PlyCount "90"]
[EventDate "2012.11.05"]
[EventType "swiss"]
[EventRounds "9"]
[EventCountry "ESP"]
[Source "lmi"]
[SourceDate "2012.11.05"]

1. d4 d5 2. Nc3 Nf6 3. Bg5 e6 4. e4 dxe4 5. Nxe4 Nbd7 6. Nf3 Be7 7. Bxf6 Nxf6
8. Qd3 Qd5 9. Nc3 Qa5 10. Be2 Nd5 11. O-O Nxc3 12. bxc3 O-O 13. c4 Rd8 14. c3
b6 15. Ne5 Bb7 16. Qh3 Bf6 17. Bd3 g6 18. Ng4 Bg7 19. Bc2 h5 20. Ne5 Bxe5 21.
dxe5 Qxe5 22. Rfe1 Qf6 23. Qg3 Rd6 24. Re5 Kg7 25. Rxh5 Rad8 26. h4 Rd2 27. Rc1
Qxf2+ 28. Qxf2 Rxf2 29. Kxf2 gxh5 30. Ke3 f5 31. g3 c5 32. a4 Bc6 33. Ra1 Kf6
34. a5 Rg8 35. Kf2 Rg4 36. Bd3 f4 37. gxf4 Rxf4+ 38. Ke3 Rxh4 39. a6 Rh3+ 40.
Ke2 Bf3+ 41. Kd2 Rh2+ 42. Ke3 Bg4 43. Rf1+ Bf5 44. Be2 Ke5 45. Rd1 Rxe2+ 0-1

[Event "Madrid ch Veteranos 2012-2013"]
[Site "Madrid ESP"]
[Date "2012.11.12"]
[Round "5.12"]
[White "Lopez Peral, Enrique"]
[Black "Martinez Martinez, Antonio"]
[Result "1-0"]
[WhiteElo "1832"]
[BlackElo "1659"]
[PlyCount "35"]
[EventDate "2012.11.05"]
[EventType "swiss"]
[EventRounds "9"]
[EventCountry "ESP"]
[Source "lmi"]
[SourceDate "2012.11.05"]

1. e4 g6 2. Nf3 d6 3. Bc4 Bg7 4. Nc3 c6 5. d4 Nf6 6. O-O Bg4 7. h3 Bxf3 8. Qxf3
O-O 9. Be3 Nbd7 10. Rad1 Qb6 11. Bb3 a5 12. e5 Ne8 13. Rfe1 Qc7 14. exd6 Nxd6
15. Bf4 b5 16. Rxe7 Bf6 17. Rxf7 Rae8 18. Rxd7+ 1-0